Регионална библиотека "Любен Каравелов" - Русе

Справочник по регулиране на селскостопанските машини (Запис номер 60188)

MARC детайли
000 -Лидер
Контролно поле с фиксирана дължина 01651nam a2200325 c 4500
003 - Код на организацията, давaща контролен номер
Контролно поле BLK
005 - Дата и час на последна редакция
Контролно поле 20180422102337.0
008 - Елементи от данни с фиксирана дължина
fixed length control field 180408b bul|||||r ||||||| ||bul||
010 ## - Наследен системен номер
LC control number KNG00064326000
040 ## - Източник на каталожния запис
Идентификатор на билиотеката - собственик на записа BLK
041 ## - Код за език
Код за езика на текст/звукозапис или на отделно заглавие Български
Код за езика КДБФ Български
080 ## - УДК
Текстов определител УДК Селскостопански машини и инструменти. Селскостопанско машиностроене
УДК код - определител по УДК 631.3
УДК определител .004.67(035)
УДК - код + определител 631.3.004.67(035)
100 1# - Редна дума - Автор
Автор Василев, Стойко
Авторска отговорност първи автор
R(LIN) 289709
139 ## - Редно поле
Редна дума Справочник по регулиране на селскостопанските машини
Авторски знак Спр - С 59
245 10 - Сведения за заглавието
Заглавие Справочник по регулиране на селскостопанските машини
Редно поле (дума) Стойко Василев; отг. ред. Стойко Василев.
257 ## - Страна на издаване
Страна на създаване/издаване България
260 ## - Област на издателските данни
-- София
Име на издателя, разпространителя и проч. Земиздат
Година на издаване 1986
Печатница Хасково : печ. Ат. Стратиев
300 ## - Физическа характеристика
Страници 319 с.
Илюстрации и др. със сх., табл.
Размери/Мащаб 21 см
380 ## - Жанр
Жанр Селско стопанство
500 ## - Общи забележки
Забележка Други авт. : Дж. Даскалов, П. Терзиев, Вл. Витков, М. Каракашева, Ст. Василев, З. Курдов, П. Богословов. - 2 900 тир.
650 #4 - Допълнително описание по предмет – тема
Основно описание – тема или топоним Селскостопански машини и оръдия - ремонт и поддръжка
9 (RLIN) 289489
653 ## - Ключова дума – ненормативна
Ключова дума селскостопански машини
653 ## - Ключова дума – ненормативна
Ключова дума поддръжка
700 1# - Други автори (авторска отговорност)
Лично име Василев, Стойко
Автороска отговорност (Описва отношението между автора и произведението) отг. ред.
9 (RLIN) 369901
852 ## - Местоположение
Форматна сигнатура Цб 141965
856 4# - Електронен адрес и достъп
Електронен формат pdf - файл
Път до файла /url/
856 4# - Електронен адрес и достъп
Електронен формат pdf - файл
Път до файла /url/
942 ## - АРТИКУЛИ
Вид на библиотечния материал Книги
Скрит в OPAC Не
944 ## - СЪЗДАВАНЕ И РЕДАКЦИЯ на ЗАПИСА
Създаване/Редакция Създаване
Дата на регистрацията/редакция 13.06.2004
Служител, извършил регистрацията/редакцията Читалня
944 ## - СЪЗДАВАНЕ И РЕДАКЦИЯ на ЗАПИСА
Създаване/Редакция Редакция
Дата на регистрацията/редакция 24.09.2015
Служител, извършил регистрацията/редакцията Валя_Йорданова
999 ## - СИСТЕМНИ КОНТРОЛНИ НОМЕРА
Koha biblionumber 60188
Koha biblioitemnumber 60188
Наличности
Код за отписване Код за изгубен артикул Източник на класификационната схема Код за повреда Коз за рестрикции Код за отдаване Артикулен № Име на библиотеката - собственик Име на библиотеката, в която се намира в момента Статус (Текущо местоположение) Дата на вписване в системата Местоположение - отдел Цена в лева Инвентарен номер Систематично азбучна сигнатура Баркод Номер на екземпляра Цена в евро Служебна бележка Служебен тип на артикула
Изтеглен Не е изгубен Universal Decimal Classification Не е повреден без рестрикции ползва се в читалня 99028 Регионална библиотека "Любен Каравелов" Русе Регионална библиотека "Любен Каравелов" Русе Читалня 1986-01-01 Читалня 2.71 451838 Ч 631.3/С 59 р 451838 1 1.39 N: Сф Дата: 01.01.1986 Дата инв: 20.03.2017 Бележки инв: Ч2017 Книги
  Не е изгубен Universal Decimal Classification Не е повреден само за читалня ползва се в читалня 99029 Регионална библиотека "Любен Каравелов" Русе Регионална библиотека "Любен Каравелов" Русе Хранилище 1986-01-01 Хранилище 2.71 450850 Цб 141965 120000450850 2 1.39 Дост: Dp Вид: Д N: Сф Дата: 01.01.1986 Книги
Изтеглен Не е изгубен Universal Decimal Classification Не е повреден без рестрикции заемане за дома 99030 Регионална библиотека "Любен Каравелов" Русе Регионална библиотека "Любен Каравелов" Русе Заемна - подръчен фонд 1986-01-01 Заемна - подръчен фонд 2.71 451837 П 631.3.004.67/С 59 451837 3 1.39 N: Сф Дата: 01.01.1986 Книги
Vip Innovations Ltd, Rousse, Bulgaria 2025